Rodinné kombi Fiat Stilo Multi Wagon

Bibliographic Details
Main Author: Pauliny, Emil (Author)
Format: Article
Language:Slovak
PhysicalDescription:Fotogr.
ISSN:1335-0730
Subjects:

MARC

LEADER 00000nab a2200000 a 4500
001 vtls000838009
003 SK-MaSNL
005 20260302163523.0
008 180206c2003 xo 0 slo
015 |a SNBRBRRRR/07-18209 
035 |a CLN000189664 
040 |a SNKBUCL  |b slo  |c SNKBUCL  |e AACR2 
041 0 |a slo 
044 |a xo  |c SK 
080 |a 629.331.1  |2 UDC-MRF-SK2 
100 1 |a Pauliny, Emil  |4 aut  |9 267424 
245 1 0 |a Rodinné kombi  |b Fiat Stilo Multi Wagon  |c Emil Pauliny 
300 |b Fotogr. 
650 0 7 |a Fiat Stilo Multi Wagon (osobný automobil)  |x parametre technické  |2 snkbucl  |9 864981 
650 0 7 |a automobily osobné  |2 snkbucl  |9 838476 
655 7 |a články z novín a časopisov  |2 snkbucl  |9 267496 
773 0 |x 1335-0730  |t Stop  |g Roč. 33, č. 9 (2003), s. 24-25 
850 |a Slovenská národná knižnica v Martine 
852 |a SNK  |b KIS3GCP 
958 |a RBX 
999 |c 1383643  |d 1385573